The stone money of yap : a numismatic survey /

Guardado en:
Autor Principal: Gillilland, Cora Lee C.
Formato: Libro
Publicado: Washington : Smithsonian Institution Press, 1975
Materias:
Etiquetas: Agregar Etiqueta
Sin Etiquetas, Sea el primero en etiquetar este registro!
LEADER 00534nam a22001695a 4500
001 EHU.bham045285
003 AR-BHAM
005 20180731094210.0
008 130507s1975##################000#0#####d
082 7 3 |a 737.4 
100 1 |a Gillilland, Cora Lee C. 
245 1 0 |a The stone money of yap :  |b a numismatic survey /  |c  Cora Lee C. Gillilland 
260 |a Washington :  |b Smithsonian Institution Press,  |c 1975 
300 |a 75 p. 
653 |a Numismática 
653 |a Yap-moneda de 
859 |a AR-BHAM  |b BIB. HUMANIDADES - General  |h 737.4  |i G424  |p 176.18  |t Ej.1